| 000 | 00492nam a22001697a 4500 | ||
|---|---|---|---|
| 003 | PILC | ||
| 005 | 20150112093448.0 | ||
| 008 | 130227t xxu||||| |||| 00| 0 eng d | ||
| 020 | _a0787958921 | ||
| 050 |
_aHD 69.P75 _b.F73 2002 |
||
| 100 |
_aFrame, J. Davidson _920952 |
||
| 245 |
_aProject management / _cJ. Davidson Frame |
||
| 250 | _a2nd ed. | ||
| 260 |
_a(Aldershot, England ; | Burlington, VT :) _bGower, _c2002. |
||
| 300 |
_a520 pages : _billustration ; _c25 cm. |
||
| 942 |
_2lcc _cBK |
||
| 999 |
_c15003 _d15003 |
||